"Rich nation, strong Army" : National security and the technological transformation of Japan
Đã lưu trong:
| Tác giả chính: | |
|---|---|
| Định dạng: | Sách |
| Ngôn ngữ: | Undetermined |
| Được phát hành: |
Ithaca
Cornell University Press
1994
|
| Những chủ đề: | |
| Các nhãn: |
Thêm thẻ
Không có thẻ, Là người đầu tiên thẻ bản ghi này!
|
| Thư viện lưu trữ: | Trung tâm Học liệu Trường Đại học Cần Thơ |
|---|
| LEADER | 00647nam a2200205Ia 4500 | ||
|---|---|---|---|
| 001 | CTU_88552 | ||
| 008 | 210402s9999 xx 000 0 und d | ||
| 082 | |a 355.033 | ||
| 082 | |b S193 | ||
| 100 | |a Samuels, Richard J. | ||
| 245 | 0 | |a "Rich nation, strong Army" : | |
| 245 | 0 | |b National security and the technological transformation of Japan | |
| 245 | 0 | |c Richard J. Samuels | |
| 260 | |a Ithaca | ||
| 260 | |b Cornell University Press | ||
| 260 | |c 1994 | ||
| 650 | |a Technology and state,Technology transfer,National security | ||
| 650 | |z Japan,Japan,Japan | ||
| 904 | |i Năm,Hải | ||
| 980 | |a Trung tâm Học liệu Trường Đại học Cần Thơ | ||